<?xml version="1.0" encoding="UTF-8"?>
<collection xmlns="http://www.loc.gov/MARC21/slim">
 <record>
  <leader>02719nam a2200217Ia 4500</leader>
  <controlfield tag="001">CTU_239266</controlfield>
  <controlfield tag="008">210402s9999    xx            000 0 und d</controlfield>
  <datafield tag="082" ind1=" " ind2=" ">
   <subfield code="a">333.7316</subfield>
  </datafield>
  <datafield tag="082" ind1=" " ind2=" ">
   <subfield code="b">Ph561</subfield>
  </datafield>
  <datafield tag="088" ind1=" " ind2=" ">
   <subfield code="a">8850103</subfield>
  </datafield>
  <datafield tag="100" ind1=" " ind2=" ">
   <subfield code="a">Trần, Kim Phượng</subfield>
  </datafield>
  <datafield tag="245" ind1=" " ind2="0">
   <subfield code="a">Đánh giá mối quan hệ giữa hiện trạng sử dụng đất và xâm nhập mặn tỉnh Sóc Trăng :</subfield>
  </datafield>
  <datafield tag="245" ind1=" " ind2="0">
   <subfield code="b">Luận văn tốt nghiệp Cao học ngành: Quản lý đất đai</subfield>
  </datafield>
  <datafield tag="245" ind1=" " ind2="0">
   <subfield code="c">Trần Kim Phượng ; Trương Chí Quang (cán bộ hướng dẫn)</subfield>
  </datafield>
  <datafield tag="260" ind1=" " ind2=" ">
   <subfield code="a">Cần Thơ</subfield>
  </datafield>
  <datafield tag="260" ind1=" " ind2=" ">
   <subfield code="b">Trường Đại học Cần Thơ</subfield>
  </datafield>
  <datafield tag="260" ind1=" " ind2=" ">
   <subfield code="c">2020</subfield>
  </datafield>
  <datafield tag="520" ind1=" " ind2=" ">
   <subfield code="a">Trong những năm gần đây, việc xâm nhập mặn diễn ra thường xuyên và ngày càng lấn sâu vào nội đồng gây ảnh hưởng nghiêm trọng đến việc canh tác lúa tại khu vực, đặc biệt trong giai đoạn mùa khô làm giảm khả năng tưới tiêu do thiếu nước ngọt. Nghiên cứu đã đánh giá mối quan hệ giữa hiện trạng sử dụng đất và xâm nhập mặn tỉnh Sóc Trăng với phương pháp nghiên cứu dựa trên nguồn bản đồ xâm nhập mặn các năm 2005-2015, kết hợp với dữ liệu vùng bao đê của tỉnh Sóc Trăng để xây dựng mô hình mô phỏng lan truyền mặn bằng phương pháp Markov –Cellular Automata. Bên cạnh đó, bản đồ phân vùng khả năng tưới của tỉnh Sóc Trăng cũng được xây dựng từ nguồn ảnh Landsat 5 và Landsat 8 đa thời gian dựa trên phân loại theo cây quyết định với chỉ số NDVI. Kết quả nghiên cứu cho thấy được sự thay đổi của diện tích canh tác lúa 3 vụ và bản đồ khả năng tưới ở ba thời điểm tương ứng là năm 2005, 2010 và 2015. Xây dựng được mô hình mô phỏng dựa sự lan truyền mặn khi vùng bao đê thay đổi. Kết quả mô phỏng mặn kết hợp với phân vùng khả năng tưới đã chỉ ra được thực trạng canh tác lúa 3 vụvà rủi ro xảy ra cho người dân khi hạn mặn xảy ra từ đó góp phần hỗ trợ trong công tác quản lý diện tích đất lúa.</subfield>
  </datafield>
  <datafield tag="650" ind1=" " ind2=" ">
   <subfield code="a">Bảo tồn đất,Soil conservation</subfield>
  </datafield>
  <datafield tag="910" ind1=" " ind2=" ">
   <subfield code="c">Qhieu</subfield>
  </datafield>
  <datafield tag="980" ind1=" " ind2=" ">
   <subfield code="a">Trung tâm Học liệu Trường Đại học Cần Thơ</subfield>
  </datafield>
 </record>
</collection>
